The foundations of european community law : An introduction to the constitutional and administrative law of the european community
Gespeichert in:
| 1. Verfasser: | |
|---|---|
| Format: | Buch |
| Sprache: | Undetermined |
| Veröffentlicht: |
Oxford
Oxford University Press
1998
|
| Schlagworte: | |
| Tags: |
Tag hinzufügen
Keine Tags, Fügen Sie den ersten Tag hinzu!
|
| Thư viện lưu trữ: | Trung tâm Học liệu Trường Đại học Cần Thơ |
|---|
| LEADER | 00657nam a2200217Ia 4500 | ||
|---|---|---|---|
| 001 | CTU_87524 | ||
| 008 | 210402s9999 xx 000 0 und d | ||
| 020 | |c 208000 | ||
| 082 | |a 341.24922 | ||
| 082 | |b H332 | ||
| 100 | |a T. C. Hartley | ||
| 245 | 4 | |a The foundations of european community law : | |
| 245 | 3 | |b An introduction to the constitutional and administrative law of the european community | |
| 245 | 0 | |c T. C. Hartley | |
| 260 | |a Oxford | ||
| 260 | |b Oxford University Press | ||
| 260 | |c 1998 | ||
| 650 | |a Law | ||
| 650 | |x European economic community countries | ||
| 904 | |i Giang | ||
| 980 | |a Trung tâm Học liệu Trường Đại học Cần Thơ | ||